000 01613cam a2200397 i 4500
001 desertsofworldfu00wats
003 CaSfIA
005 20210118001729.0
007 cr||||
008 800320s1981 nyuaf 001 0 eng
010 _a 80013325
040 _aDLC
_cDLC
_dLVB
_dBAKER
_dOCLCG
_dYDXCP
_dZXN
_dCaSfIA
019 _a7652246
_a8225346
020 _a0399207856
020 _a9780399207853
035 _a(OCoLC)6222588
_z(OCoLC)7652246
_z(OCoLC)8225346
050 0 0 _aGB611
_b.W35 1981
082 _a333.73
100 1 _aWatson, Jane Werner,
_d1915-
245 1 0 _aDeserts of the world, future threat or promise? /
_h[electronic resource]
_cBy Jane Werner Watson.
260 _aNew York :
_bPhilomel Books,
_c1981.
300 _a128 p., [8] p. of plates :
_bill. (some col.) ;
_c24 cm.
500 _aIncludes index.
650 0 _aDesertification.
650 0 _aDeserts.
650 6 _aDésertification.
650 6 _aDéserts.
856 4 1 _uhttp://www.archive.org/details/desertsofworldfu00wats
_zFree eBook from the Internet Archive
856 4 2 _uhttp://www.openlibrary.org/books/OL4098970M
_zAdditional information and access via Open Library
029 1 _aAU@
_b000002438969
029 1 _aAU@
_b000001706837
029 1 _aAU@
_b000044428278
942 _cEB
506 _fНеобхідна авторизація на https://archive.org/ (створення облікового запису безкоштовно)
506 _fНеобхідна авторизація на https://openlibrary.org/ (створення облікового запису безкоштовно)
999 _c487913
_d487913